| 000 | 00901 a2200241 4500 | ||
|---|---|---|---|
| 003 | Nust | ||
| 005 | 20170207164425.0 | ||
| 010 | _a 2004010367 | ||
| 020 | _a0121726517 (hardcover : alk. paper) | ||
| 040 | _cNust | ||
| 082 | 0 | 0 | _a621.382/2/0151 |
| 100 | 1 | _aMiller, Scott L. | |
| 245 | 1 | 0 |
_aProbability and random processes :(E BOOK) _bwith applications to signal processing and communications / _cScott L. Miller, Donald Childers. |
| 260 |
_aAmsterdam ; _aBoston : _bElsevier Academic Press, _cc2004. |
||
| 300 |
_axiii, 536 p. : _bill. ; _c24 cm. |
||
| 500 | _aE Book | ||
| 650 | 0 | _aProbabilities. | |
| 650 | 0 |
_aSignal processing _xMathematics. |
|
| 650 | 0 | _aStochastic processes. | |
| 700 | 1 | _aChilders, Donald G. | |
| 856 | 4 | 1 |
_3Publisher description _uhttp://www.loc.gov/catdir/description/els051/2004010367.html |
| 856 | 4 | 1 |
_3Table of contents _uhttp://www.loc.gov/catdir/toc/els051/2004010367.html |
| 942 |
_2ddc _cBK |
||
| 999 |
_c208934 _d208934 |
||